| 000 | 00897nam a22002057a 4500 | ||
|---|---|---|---|
| 999 |
_c58456 _d58456 |
||
| 003 | Ge_BSU | ||
| 005 | 20220218111904.0 | ||
| 008 | 220218s2012ge xxu||||| |||| 00| 0 geo d | ||
| 020 | _a9789941021473 | ||
| 041 | _ageo | ||
| 080 | _a 796(479.223)(084.12) ჯ-50 | ||
| 100 |
_aჯიოშვილი, ლევან. _94869 |
||
| 245 |
_aსპორტი აჭარაში : _b[ფოტოალბომი] / _cლევან ჯიოშვილი ; პროექტის ავტორი და მთავარი რედაქტორი |
||
| 264 |
_aბათუმი : _bალიონი, _c2012. |
||
| 300 |
_a496 გვ. : _b ფოტ. ; _c31 სმ. |
||
| 504 | _aბიბლიოგრ.: გვ. 493. | ||
| 653 | _aსპორტი აჭარაში ფოტოალბომები. | ||
| 653 | _aსპორტი | ||
| 942 |
_2udc _cBK |
||